| 000 | 00437cam a2200145 a 4500 | ||
|---|---|---|---|
| 020 | _a0697167631 | ||
| 040 | _cTxFACM | ||
| 082 | _a709 DIS 1994 A086 Or. | ||
| 100 | 1 | _aCraven, Wayne. | |
| 245 | 1 | 0 |
_aAmerican art : _bhistory and culture / |
| 260 |
_aMadison, Wis. : _bBrown & Benchmark ; _aNew York : _bDistributed by Harry N. Abrams, _cc1994. |
||
| 300 |
_a687 p. : _bill. (some col.) ; _c28 cm. |
||
| 650 | 0 | _aArt, American. | |
| 942 | _cEK | ||
| 999 |
_c12519 _d12519 |
||